000 00449nam a22001817a 4500
003 LK-CoMWRAF
005 20231114230206.0
008 231114b |||||||| |||| 00| 0 eng d
020 _a0207197555
040 _aLK-CoMWRAF
_dLK-CoMWRAF
_eLK-CoMWRAF
041 _aeng
082 _a823
_bODG
100 _aOdgers, Sally
245 _aCandle iron
260 _aNew York :
_bHarperCollins publishers
_c2001
650 _aEnglish Fiction
942 _cBK
999 _c4083
_d4083